Solution of the Thermoelasticity Problem in the Form of a Traveling Wave and its Application to Analysis of Possible Regimes of Solid-Phase Transformations; Journal of Applied Mechanics and Technical Physics; Vol. 44, iss. 2

التفاصيل البيبلوغرافية
Parent link:Journal of Applied Mechanics and Technical Physics: Scientific Journal
Vol. 44, iss. 2.— 2003.— [P. 164-173]
المؤلف الرئيسي: Knyazeva A. G. Anna Georgievna
الملخص:Title screen
Using the known self-similar solutions of the theory of temperature stresses and thermal theory ofcombustion on the basis of coupled models of solid-phase combustion proposed for the description ofvarious physicochemical transformations, it is shown that the regime of fast (supersonic) solid-phasetransformation (solid-phase detonation) is typical of a reacting medium, as well as the regime ofslow combustion. Partial (exact) integration and transformation of variables allow one to reducethe systems of equations that describe various solid-phase processes to shock-wave equations havingcontinuous solutions of the traveling-wave type.
Режим доступа: по договору с организацией-держателем ресурса
اللغة:الإنجليزية
منشور في: 2003
الموضوعات:
الوصول للمادة أونلاين:http://link.springer.com/article/10.1023/A:1022580023603
التنسيق: MixedMaterials الكتروني فصل الكتاب
KOHA link:https://koha.lib.tpu.ru/cgi-bin/koha/opac-detail.pl?biblionumber=638132

MARC

LEADER 00000naa0a2200000 4500
001 638132
005 20250128145123.0
035 |a (RuTPU)RU\TPU\network\2365 
090 |a 638132 
100 |a 20141210d2003 k||y0rusy50 ba 
101 0 |a eng 
102 |a US 
135 |a drcn ---uucaa 
181 0 |a i  
182 0 |a b 
200 1 |a Solution of the Thermoelasticity Problem in the Form of a Traveling Wave and its Application to Analysis of Possible Regimes of Solid-Phase Transformations  |f A. G. Knyazeva 
203 |a Text  |c electronic 
300 |a Title screen 
320 |a [References: p. 173 (25 tit.)] 
330 |a Using the known self-similar solutions of the theory of temperature stresses and thermal theory ofcombustion on the basis of coupled models of solid-phase combustion proposed for the description ofvarious physicochemical transformations, it is shown that the regime of fast (supersonic) solid-phasetransformation (solid-phase detonation) is typical of a reacting medium, as well as the regime ofslow combustion. Partial (exact) integration and transformation of variables allow one to reducethe systems of equations that describe various solid-phase processes to shock-wave equations havingcontinuous solutions of the traveling-wave type. 
333 |a Режим доступа: по договору с организацией-держателем ресурса 
461 |t Journal of Applied Mechanics and Technical Physics  |o Scientific Journal 
463 |t Vol. 44, iss. 2  |v [P. 164-173]  |d 2003 
610 1 |a электронный ресурс 
610 1 |a труды учёных ТПУ 
610 1 |a твердофазные превращения 
610 1 |a детонация 
610 1 |a detonation 
610 1 |a combustion 
610 1 |a сгорание 
700 1 |a Knyazeva  |b A. G.  |c Russian physicist  |c Professor of Tomsk Polytechnic University, doctor of physico-mathematical Sciences  |f 1962-  |g Anna Georgievna  |3 (RuTPU)RU\TPU\pers\32712  |9 16597 
801 2 |a RU  |b 63413507  |c 20141210  |g RCR 
856 4 |u http://link.springer.com/article/10.1023/A:1022580023603 
942 |c CF